00580nam a2200157Ia 4500008004100000020001600041050000900057050001600066100001700082245007900099260003800178300004000216440004400256440000700300500011500307160114s9999 xx 000 0 und d a0-439314313 aFic  b.C237i 2001 aCole, Joanna aInsect invaders /cwritten by Anne Capeci ; illustrations by John Spiers.] aNew York :bScholastic Inc.c2001 a87 pages;billustrations ; c20 cm. a Magic School Bus science chapter book. v#3 a"Based on The Magic School Bus books written by Joanna Cole and illustrated by Bruce Degen"--Title page verso.